| 000 | 00969nas a2200313 4500 | ||
|---|---|---|---|
| 001 | BR2015000700 | ||
| 003 | BR-BrBNA | ||
| 005 | 20231205125004.0 | ||
| 007 | ta | ||
| 008 | 230509b bl.|||p| |||| 00| 00por d | ||
| 040 |
_aBR-BrBNA _bpor _cBiblioteca Nacional de Agricultura |
||
| 041 | _a(En) | ||
| 072 | _aL02 | ||
| 100 | 1 | _aCoutinho, D.A. | |
| 100 | 1 | _aBranco, A.F. | |
| 100 | 1 | _aSantos, G.T. dos | |
| 100 | 1 | _aOsmari, M.P. | |
| 100 | 1 | _aTeodoro, A.L. | |
| 100 | 1 | _aDiaz, T.G. | |
| 245 | 1 | _aIntake, digestibility of nutrients milk production and composition in dairy cows fed on diets containing cashew nut shell liquid | |
| 650 | _aGADO LEITEIRO | ||
| 650 | _aDIGESTIBILIDADE | ||
| 650 | _aDIETA | ||
| 650 | _aNUTRIENTE | ||
| 650 | _aÁCIDO GRAXO | ||
| 773 | 0 |
_tActa Scientiarum. Animal Sciences (Brazil) _xISSN 1806-2636 _g(Jul-Sep 2014), v. 36(3) p. 311-316 _wBR2015000700 |
|
| 909 |
_a202311 _bLúcia _c55 _dLúcia Elande |
||
| 942 |
_2AGRIS _n0 _cANA |
||
| 999 |
_c242007 _d242007 |
||